|
|
|
|
| LEADER |
00765nta a2200193 i 4500 |
| 001 |
dokt819 |
| 005 |
20190719085917.0 |
| 008 |
110607s2009 hu om 0|| hun d |
| 024 |
7 |
|
|a 1413452
|2 mtmt
|
| 040 |
|
|
|a SZTE Doktori Repozitórium
|b hun
|
| 041 |
|
|
|a hun
|
| 100 |
1 |
|
|a Szécsényi Tibor
|
| 245 |
1 |
0 |
|a Lokalitás és argumentumöröklés A magyar infinitívuszi szerkezetek leírása HPSG keretben
|h [elektronikus dokumentum] /
|c Szécsényi Tibor
|
| 260 |
|
|
|c 2009-06-29
|
| 502 |
|
|
|a Disszertacio
|
| 650 |
|
4 |
|a nyelvtudományok
|
| 700 |
1 |
|
|a Maleczki Márta
|e ths
|
| 856 |
4 |
0 |
|u https://doktori.bibl.u-szeged.hu/id/eprint/819/1/Szecsenyi_2009.pdf
|z Dokumentum-elérés
|
| 856 |
4 |
0 |
|u https://doktori.bibl.u-szeged.hu/id/eprint/819/2/Szecsenyi_2009_tezis.pdf
|z Dokumentum-elérés
|